[Event "40th Olympiad Women"]
[Site "Istanbul TUR"]
[Date "2012.09.04"]
[Round "7.9"]
[Board "3"]
[White "Mrvova, Alena"]
[Black "Hejazipour, Mitra"]
[Result "0-1"]
[WhiteTitle "WIM"]
[BlackTitle "WIM"]
[WhiteElo "2241"]
[BlackElo "2237"]
[WhiteTeam "Slovakia"]
[BlackTeam "Iran"]
[WhiteFideId "14902036"]
[BlackFideId "12505951"]
[EventDate "2012.08.28"]

1. e4 c5 2. Nf3 e6 3. d3 d5 4. Nbd2 Nc6 5. g3 g6 6. Bg2 Bg7 7. O-O Nge7 8. exd5
exd5 9. Re1 O-O 10. c3 Bf5 11. Nb3 b6 12. d4 c4 13. Nbd2 Qd7 14. Nf1 Bd3 15. Bf4
Rfe8 16. N3d2 Bf5 17. Ne3 Bh3 18. Bh1 h6 19. Qf3 Be6 20. h4 b5 21. Rac1 a5 22.
Nc2 Rad8 23. Na3 Qb7 24. Bg2 Kh7 25. Bf1 b4 26. Nc2 Ng8 27. Ne3 Nge7 28. Ng2 Qd7
29. Qd1 a4 30. Nf3 a3 31. bxa3 bxc3 32. Rxc3 Bg4 33. Be3 Nf5 34. Be2 Bxf3 35.
Bxf3 Ncxd4 36. Rc1 Nxf3+ 37. Qxf3 d4 38. Bf4 Rxe1+ 39. Rxe1 d3 40. g4 Nd4 41.
Qd1 Ne2+ 42. Kf1 Qxg4 43. Rxe2 dxe2+ 44. Qxe2 Rd1+ 45. Ne1 Rxe1+ 0-1

[Event "40th Olympiad Women"]
[Site "Istanbul TUR"]
[Date "2012.09.04"]
[Round "7.10"]
[Board "2"]
[White "Goossens, Hanne"]
[Black "Krush, Irina"]
[Result "0-1"]
[BlackTitle "IM"]
[WhiteElo "1998"]
[BlackElo "2467"]
[WhiteTeam "Belgium"]
[BlackTeam "United States of America"]
[WhiteFideId "200468"]
[BlackFideId "2012782"]
[EventDate "2012.08.28"]

1. e4 c5 2. Nf3 d6 3. d4 cxd4 4. Nxd4 Nf6 5. Nc3 Nc6 6. Bc4 Bd7 7. Bb3 g6 8. f3
Nxd4 9. Qxd4 Bg7 10. Bg5 O-O 11. Qd2 b5 12. Bh6 a5 13. Bxg7 Kxg7 14. a4 bxa4 15.
Bxa4 Be6 16. Nb5 Bc4 17. b3 Bxb5 18. Bxb5 Qb6 19. c4 Qc5 20. Qf2 Qb4+ 21. Qd2
Qxb3 22. O-O Qb4 23. Qxb4 axb4 24. Rab1 Rfb8 25. Rxb4 Nd7 26. Rbb1 Nc5 27. Ra1
Nb3 28. Rxa8 Rxa8 29. Rb1 Nc5 30. Rd1 Kf6 31. Rd2 g5 32. h3 h5 33. Rd5 Ne6 34.
h4 Ra1+ 35. Kh2 Kg6 36. hxg5 Ra2 37. Rf5 Nxg5 38. Be8 e6 39. Rf4 Rc2 40. Bb5 h4
41. Kh1 h3 42. gxh3 Rf2 43. Be8 e5 44. Rf5 Nxf3 45. Bxf7+ Kh6 46. Rxf3 Rxf3 47.
Be6 Rf2 48. Kg1 Rc2 49. Kf1 Kg5 50. Ke1 Kf4 0-1

[Event "40th Olympiad Women"]
[Site "Istanbul TUR"]
[Date "2012.09.04"]
[Round "7.10"]
[Board "3"]
[White "Foisor, Sabina-Francesca"]
[Black "Barbier, Wiebke"]
[Result "1-0"]
[WhiteTitle "WGM"]
[WhiteElo "2356"]
[BlackElo "1952"]
[WhiteTeam "United States of America"]
[BlackTeam "Belgium"]
[WhiteFideId "1212915"]
[BlackFideId "207977"]
[EventDate "2012.08.28"]

1. d4 d6 2. Nf3 Nf6 3. c4 Nbd7 4. Nc3 e5 5. e4 c6 6. Be2 Be7 7. O-O O-O 8. Qc2
Re8 9. Rd1 Bf8 10. Rb1 exd4 11. Nxd4 Nc5 12. f3 Qc7 13. b4 Ne6 14. Be3 a6 15. a4
c5 16. Nxe6 Bxe6 17. b5 Rad8 18. Bg5 Be7 19. f4 h6 20. Bxf6 Bxf6 21. e5 dxe5 22.
f5 Bd7 23. Nd5 Qa5 24. Qe4 Bg5 25. Bf3 Bc8 26. h4 Be7 27. Rb3 Bf8 28. Rbd3 Kh8
29. Bh5 Kg8 30. f6 Be6 31. Rg3 Bxd5 32. Rxg7+ Bxg7 33. Qg4 1-0

[Event "40th Olympiad Women"]
[Site "Istanbul TUR"]
[Date "2012.09.04"]
[Round "7.11"]
[Board "1"]
[White "Nakhbayeva, Guliskhan"]
[Black "Munguntuul, Batkhuyag"]
[Result "1-0"]
[WhiteTitle "WIM"]
[BlackTitle "IM"]
[WhiteElo "2291"]
[BlackElo "2434"]
[WhiteTeam "Kazakhstan"]
[BlackTeam "Mongolia"]
[WhiteFideId "13704788"]
[BlackFideId "4900758"]
[EventDate "2012.08.28"]

1. d4 Nf6 2. c4 g6 3. Nc3 Bg7 4. e4 d6 5. h3 O-O 6. Bg5 Na6 7. Bd3 e5 8. d5 c6
9. Nge2 Qb6 10. b3 Nc5 11. Bc2 a5 12. Rb1 h6 13. Be3 cxd5 14. exd5 Bd7 15. Qd2
Kh7 16. O-O Ne8 17. a3 Qc7 18. f4 a4 19. b4 Nb3 20. Bxb3 axb3 21. c5 Rxa3 22.
fxe5 Bxe5 23. Qb2 Ra8 24. Qxb3 Ng7 25. Kh1 Nf5 26. Bf2 Rfe8 27. Qc4 Rac8 28.
Rfc1 Qd8 29. Qd3 Ng7 30. Ra1 Bf5 31. Qf3 Ra8 32. c6 bxc6 33. dxc6 Ne6 34. b5
Rxa1 35. Rxa1 d5 36. Ra7 d4 37. Rxf7+ Kg8 38. Rd7 dxc3 39. Rxd8 Rxd8 40. Nxc3
Rd3 41. Qe2 Bxc3 42. g4 Rd2 43. Qc4 Bd3 44. Qxe6+ Kg7 45. c7 Rxf2 46. c8=Q 1-0

[Event "40th Olympiad Women"]
[Site "Istanbul TUR"]
[Date "2012.09.04"]
[Round "7.11"]
[Board "2"]
[White "Batchimeg, Tuvshintugs"]
[Black "Sergeyeva, Mariya"]
[Result "1-0"]
[WhiteTitle "WGM"]
[BlackTitle "WGM"]
[WhiteElo "2311"]
[BlackElo "2346"]
[WhiteTeam "Mongolia"]
[BlackTeam "Kazakhstan"]
[WhiteFideId "4900839"]
[BlackFideId "13701037"]
[EventDate "2012.08.28"]

1. d4 Nf6 2. c4 g6 3. Nc3 Bg7 4. e4 d6 5. Nf3 O-O 6. h3 Qe8 7. Bg5 e5 8. d5 Nh5
9. Nd2 f5 10. exf5 gxf5 11. Be2 Nf6 12. g4 Qg6 13. Bxf6 Qxf6 14. Rg1 e4 15. gxf5
e3 16. Nde4 exf2+ 17. Nxf2 Bxf5 18. Qd2 Bg6 19. Rg2 Na6 20. O-O-O Nb4 21. Nd3
Qh4 22. Rdg1 Nxa2+ 23. Nxa2 Bh6 24. Rg5 Rf5 25. Rxf5 Bxd2+ 26. Kxd2 Re8 27. Nc3
Qxh3 28. Rf3 Qh6+ 29. Kd1 Kh8 30. Nf4 Bf5 31. Ne6 Bxe6 32. dxe6 Qxe6 33. Rfg3 c6
34. Bd3 Qe5 35. Kc2 Qe7 36. Rh3 Rf8 37. Rgh1 Rf2+ 38. Kb3 Kg8 39. Rxh7 Qe5 40.
Rxb7 d5 41. Rh6 Rf7 42. Rxf7 Kxf7 43. Rxc6 d4 44. Ne2 a5 45. Kc2 Kf8 46. Rb6 Qc7
47. Rb5 Qa7 48. c5 a4 49. Nxd4 a3 50. bxa3 Qxa3 51. Nb3 Ke7 52. Kc3 Qa4 53. Bc4
Qa8 54. Kb4 Qe4 55. Rb6 Kd7 56. Kb5 Kc7 57. Na5 Qf5 58. Rb7+ Kc8 59. Kb6 Qf6+
60. Ka7 Qc3 61. Be6+ Kd8 62. Nc6+ 1-0

[Event "40th Olympiad Women"]
[Site "Istanbul TUR"]
[Date "2012.09.04"]
[Round "7.11"]
[Board "3"]
[White "Dauletova, Gulmira"]
[Black "Yanjindulam, Dulamsuren"]
[Result "1-0"]
[WhiteTitle "WIM"]
[BlackTitle "WIM"]
[WhiteElo "2267"]
[BlackElo "2232"]
[WhiteTeam "Kazakhstan"]
[BlackTeam "Mongolia"]
[WhiteFideId "13702971"]
[BlackFideId "4900952"]
[EventDate "2012.08.28"]

1. e4 d6 2. d4 g6 3. Nc3 Bg7 4. g3 Nc6 5. Be3 Nf6 6. h3 e5 7. Nge2 d5 8. dxe5
Nxe4 9. Qxd5 Nxc3 10. Nxc3 Bxe5 11. Qxd8+ Nxd8 12. O-O-O Bd7 13. Bg2 Nc6 14. Bd5
O-O 15. Ne4 Rab8 16. a3 a6 17. Ng5 Bd6 18. Ne4 Be5 19. Bh6 Bg7 20. Bg5 Kh8 21.
Nf6 Bc8 22. h4 Ne7 23. Bb3 Ng8 24. Nd7 Bxd7 25. Rxd7 c5 26. Bf4 Bh6 27. Bg5
Bxg5+ 28. hxg5 Kg7 29. Rc7 Rbc8 30. Rxb7 c4 31. Ba4 Rc5 32. f4 h6 33. gxh6+ Nxh6
34. Bd7 Rd8 35. Re1 Kf8 36. Rd1 Ng8 37. Rb6 a5 38. a4 Ne7 39. Rbd6 g5 40. R6d4
gxf4 41. gxf4 Rb8 42. Bb5 Rb6 43. c3 Kg7 44. Rd6 Rxd6 45. Rxd6 Nd5 46. f5 Ne3
47. f6+ Kg6 48. Bc6 Kg5 49. Be8 Nf5 50. Rd7 Kxf6 51. Rxf7+ Ke5 52. Bd7 Ng3 53.
Kb1 Ne4 54. Kc2 Nf6 55. Bb5 Nd5 56. Rd7 Nc7 57. Rd4 Nxb5 58. axb5 a4 59. b6 a3
60. bxa3 Rb5 61. Rxc4 Rxb6 62. Rd4 Rb8 63. a4 Rb7 64. Kd3 Ra7 65. Kd2 Ra8 66.
Kc2 Rb8 67. Rb4 Ra8 68. Kb3 Kd5 69. Rb5+ Kc6 70. Kb4 Rh8 71. a5 Rh1 72. Rb6+ Kc7
73. c4 Rb1+ 74. Kc5 Rh1 75. Rc6+ Kb7 76. Rd6 Rh5+ 77. Rd5 Rh7 78. Kb5 Ka7 79. a6
Rc7 80. Rd6 Rh7 81. Re6 Rg7 82. Kc5 Rg5+ 83. Kb4 Rg4 84. Kb5 Rg7 85. c5 Rh7 86.
Rg6 Rf7 87. Rh6 Rg7 88. Kc4 Rd7 89. Rd6 Rh7 90. Kd5 Rc7 91. Rb6 Rh7 92. Rb7+
Rxb7 93. axb7 Kxb7 94. Kd6 Kc8 95. Kc6 1-0

[Event "40th Olympiad Women"]
[Site "Istanbul TUR"]
[Date "2012.09.04"]
[Round "7.11"]
[Board "4"]
[White "Otgonjargal, Sengeravdan"]
[Black "Davletbayeva, Madina"]
[Result "0-1"]
[WhiteTitle "WFM"]
[BlackTitle "WIM"]
[WhiteElo "2146"]
[BlackElo "2165"]
[WhiteTeam "Mongolia"]
[BlackTeam "Kazakhstan"]
[WhiteFideId "4900790"]
[BlackFideId "13703595"]
[EventDate "2012.08.28"]

1. e4 e5 2. Bc4 Nf6 3. d3 c6 4. Nf3 d5 5. Bb3 Bd6 6. O-O O-O 7. Bg5 dxe4 8. dxe4
h6 9. Bh4 Qe7 10. Qe2 Na6 11. c3 Nc5 12. Bc2 Ne6 13. Rd1 Nf4 14. Qe1 Qe6 15.
Nbd2 N6h5 16. Bg3 Bc5 17. Qf1 b5 18. Nb3 Bb6 19. Rd2 a5 20. Rad1 a4 21. Nc1 Bc7
22. a3 Qf6 23. Nd3 Bg4 24. Nde1 Rad8 25. c4 Rxd2 26. Rxd2 Ba5 27. Rd1 Rb8 28. c5
Rd8 29. Rxd8+ Bxd8 30. Bd1 Qe7 31. Nd3 Nxg3 32. hxg3 Nxd3 33. Qxd3 Bc7 34. Qc2
Bb8 35. Qc3 Ba7 36. b4 axb3 37. Bxb3 Bxf3 38. Qxf3 Bxc5 39. a4 Bd4 40. axb5 cxb5
41. Qf5 Qc7 42. Kh2 Bc5 43. g4 Ba3 44. g3 Bc1 45. Kg2 Bg5 46. Qf3 Qd7 47. Bd5 g6
48. Bb3 Kg7 49. Bd5 Bf6 50. Qb3 Bd8 51. Qf3 Bb6 52. Bb3 Qe7 53. Bd5 Bd4 54. Bb3
Qf6 55. Qe2 Kf8 56. Qc2 Qd6 57. Qe2 Qf6 58. Qc2 Kg7 59. Qe2 Qc6 60. Qf3 Qf6 61.
Qe2 b4 62. Bd5 Qe7 63. Qf3 Qc7 64. Bb3 f6 65. Bd5 Qc3 66. Qe2 Qb2 67. Qxb2 Bxb2
68. f4 Kf8 69. f5 g5 70. Kf2 Ke7 71. Ke3 Kd6 72. Kd3 Kc5 73. Bg8 Bc3 74. Bf7 Be1
75. Bg8 Bxg3 76. Bf7 Bf4 77. Bb3 h5 78. gxh5 g4 79. Bd1 g3 80. Bf3 Kb5 81. Bg2
Ka4 82. Kc2 Ka3 83. Bf1 Bg5 84. Bg2 Ka2 85. Kd1 b3 86. Bf1 b2 0-1

[Event "40th Olympiad Women"]
[Site "Istanbul TUR"]
[Date "2012.09.04"]
[Round "7.12"]
[Board "2"]
[White "Videnova, Iva"]
[Black "Dengler, Dijana"]
[Result "1-0"]
[WhiteTitle "WGM"]
[BlackTitle "WFM"]
[WhiteElo "2317"]
[BlackElo "2066"]
[WhiteTeam "Bulgaria"]
[BlackTeam "Bosnia & Herzegovina"]
[WhiteFideId "2907763"]
[BlackFideId "14400081"]
[EventDate "2012.08.28"]

1. e4 e6 2. d4 d5 3. Nc3 Bb4 4. e5 c5 5. a3 Bxc3+ 6. bxc3 Ne7 7. Qg4 O-O 8. Bd3
f5 9. exf6 Rxf6 10. Bg5 Rf7 11. Qh5 g6 12. Qd1 Qa5 13. Bd2 Nbc6 14. Nf3 c4 15.
Be2 Nf5 16. a4 Nd6 17. Ng5 Rg7 18. O-O Qd8 19. Bg4 Nf5 20. Qe2 Qf6 21. Rfe1 h6
22. Nf3 Bd7 23. Rab1 b6 24. g3 g5 25. Bc1 Nd8 26. a5 bxa5 27. Ne5 Be8 28. Ba3
Nb7 29. Bf3 Nd8 30. Ng4 Qg6 31. Bxd5 exd5 32. Qxe8+ Qxe8 33. Rxe8+ Kh7 34. Nf6+
Kg6 35. Nxd5 Rd7 36. Ne3 Ng7 37. Re5 Rc8 38. Rxa5 Nde6 39. Ra6 Kh7 40. Ng4 Rdc7
41. d5 Nc5 42. Rxh6+ Kg8 43. Bxc5 Rxc5 44. Nf6+ Kf7 45. Ne4 1-0

[Event "40th Olympiad Women"]
[Site "Istanbul TUR"]
[Date "2012.09.04"]
[Round "7.13"]
[Board "1"]
[White "Muzychuk, Anna"]
[Black "Mamedjarova, Zeinab"]
[Result "1/2-1/2"]
[WhiteTitle "GM"]
[BlackTitle "WGM"]
[WhiteElo "2606"]
[BlackElo "2285"]
[WhiteTeam "Slovenia"]
[BlackTeam "Azerbaijan"]
[WhiteFideId "14111330"]
[BlackFideId "13401521"]
[EventDate "2012.08.28"]

1. e4 e5 2. Nf3 Nf6 3. Nxe5 d6 4. Nf3 Nxe4 5. Nc3 Nxc3 6. dxc3 Be7 7. Be3 Nc6 8.
Qd2 Be6 9. O-O-O Qd7 10. Ng5 Bxg5 11. Bxg5 f6 12. Be3 a6 13. f3 O-O-O 14. c4 Qf7
15. Qc3 Rhe8 16. b3 Bf5 17. Bf2 h5 18. Kb2 Qe6 19. Rd5 Ne7 20. Rd2 Nc6 21. g3
Qe5 22. Bg2 Qxc3+ 23. Kxc3 a5 24. a3 Re7 25. Rhd1 Rde8 26. c5 dxc5 27. Bxc5 Re2
28. f4 Bg4 29. Rxe2 Rxe2 30. Rd2 Rxd2 31. Kxd2 Kd7 32. c4 Nd8 33. Be3 b6 34. Kc3
c5 35. b4 axb4+ 36. axb4 Kd6 37. h3 Be6 38. Bf3 Bxh3 39. Bxh5 Be6 40. Bg6 Nc6
41. bxc5+ bxc5 42. f5 Bd7 43. g4 Ne5 44. Bf4 Bc6 45. Bh7 Bf3 46. g5 Be2 47. Bg8
fxg5 48. Bxg5 Bxc4 49. Bxc4 Nxc4 50. Kxc4 Ke5 1/2-1/2

[Event "40th Olympiad Women"]
[Site "Istanbul TUR"]
[Date "2012.09.04"]
[Round "7.13"]
[Board "2"]
[White "Mammadova, Gulnar"]
[Black "Rozic, Vesna"]
[Result "1-0"]
[WhiteTitle "WGM"]
[BlackTitle "WIM"]
[WhiteElo "2324"]
[BlackElo "2260"]
[WhiteTeam "Azerbaijan"]
[BlackTeam "Slovenia"]
[WhiteFideId "13403508"]
[BlackFideId "14604000"]
[EventDate "2012.08.28"]

1. e4 e6 2. d4 d5 3. Nc3 Nf6 4. Bg5 dxe4 5. Nxe4 Nbd7 6. Nxf6+ Nxf6 7. Nf3 h6 8.
Bh4 c5 9. Bd3 Be7 10. O-O O-O 11. dxc5 Bxc5 12. Qe2 Be7 13. Rad1 Qc7 14. Ne5 Rd8
15. c3 Bd7 16. Rfe1 Be8 17. f4 Nd5 18. Bg3 Ne3 19. Rd2 Nf5 20. Bf2 Bc5 21. Qe4
Bxf2+ 22. Rxf2 Bc6 23. Qe2 Nd6 24. g4 Re8 25. g5 hxg5 26. fxg5 Nf5 27. Bxf5 exf5
28. g6 Rxe5 29. Qxe5 Qxe5 30. gxf7+ Kxf7 31. Rxe5 g6 32. b4 a6 33. Rd2 Kf6 34.
Rc5 Be4 35. Rd6+ Kg5 36. Kf2 Re8 37. a4 Kh5 38. h4 g5 39. hxg5 Kxg5 40. Kg3 Bc6
41. Rcxc6 bxc6 42. Rxc6 Re4 43. a5 Re3+ 44. Kf2 Rd3 45. Ke2 Rh3 46. Rxa6 Rxc3
47. b5 f4 48. Rc6 Ra3 49. a6 Kg4 50. Rg6+ Kf5 51. Rg7 f3+ 52. Kf2 Kf4 53. Rf7+
Ke4 54. a7 Ra2+ 55. Kg3 Rg2+ 56. Kh3 Ra2 57. b6 Ke3 58. b7 1-0

[Event "40th Olympiad Women"]
[Site "Istanbul TUR"]
[Date "2012.09.04"]
[Round "7.14"]
[Board "1"]
[White "Sedina, Elena"]
[Black "Danielian, Elina"]
[Result "1/2-1/2"]
[WhiteTitle "IM"]
[BlackTitle "GM"]
[WhiteElo "2338"]
[BlackElo "2476"]
[WhiteTeam "Italy"]
[BlackTeam "Armenia"]
[WhiteFideId "812153"]
[BlackFideId "13300210"]
[EventDate "2012.08.28"]

1. e4 c5 2. Nf3 e6 3. c3 Nf6 4. e5 Nd5 5. d4 cxd4 6. cxd4 b6 7. Bc4 Bb7 8. O-O
Be7 9. Bxd5 Bxd5 10. Nc3 Bb7 11. d5 exd5 12. Nxd5 O-O 13. Bf4 Na6 14. Qd2 Nc7
15. Nxc7 Qxc7 16. Rac1 Qd8 17. Rfd1 Rc8 18. Qxd7 Qxd7 19. Rxd7 Rxc1+ 20. Bxc1
Rd8 21. Rxd8+ Bxd8 22. Nd4 a6 23. Be3 b5 24. b4 Bd5 25. a3 h5 26. g3 g6 27. f4
f6 28. exf6 Bxf6 29. Kf2 Kf7 30. Ne2 Ke6 31. Bd4 Bd8 32. Nc3 Bc6 33. Ke3 Kf5 34.
h3 Bg2 35. h4 Bc6 36. Nd1 Kg4 37. Kf2 Kf5 38. Ke3 Kg4 1/2-1/2

[Event "40th Olympiad Women"]
[Site "Istanbul TUR"]
[Date "2012.09.04"]
[Round "7.14"]
[Board "2"]
[White "Mkrtchian, Lilit"]
[Black "Zimina, Olga"]
[Result "1/2-1/2"]
[WhiteTitle "IM"]
[BlackTitle "IM"]
[WhiteElo "2454"]
[BlackElo "2327"]
[WhiteTeam "Armenia"]
[BlackTeam "Italy"]
[WhiteFideId "13300601"]
[BlackFideId "4132190"]
[EventDate "2012.08.28"]

1. d4 d5 2. c4 c6 3. Nf3 Nf6 4. e3 e6 5. b3 Bb4+ 6. Nbd2 c5 7. dxc5 Bxc5 8. Qc2
b6 9. cxd5 Nxd5 10. Bb2 O-O 11. a3 Nd7 12. Bd3 h6 13. O-O Bb7 14. Rad1 Be7 15.
Ne4 Qc8 16. Qb1 Ba6 17. Nd4 Bxd3 18. Qxd3 N7f6 19. Rc1 Qb7 20. Nc6 Nxe4 21. Qxe4
Bf6 22. Bxf6 Nxf6 23. Qb4 Nd5 24. Qd6 Rfe8 25. Rfd1 Ne7 26. Nxe7+ Qxe7 27. Qxe7
Rxe7 28. Kf1 Kf8 29. Ke2 Ke8 30. Rc4 Rd8 31. Rdc1 Red7 32. Rc7 Rd2+ 33. Kf3 R8d7
34. R1c3 1/2-1/2

[Event "40th Olympiad Women"]
[Site "Istanbul TUR"]
[Date "2012.09.04"]
[Round "7.14"]
[Board "3"]
[White "Brunello, Marina"]
[Black "Galojan, Lilit"]
[Result "1/2-1/2"]
[WhiteTitle "WIM"]
[BlackTitle "IM"]
[WhiteElo "2239"]
[BlackElo "2349"]
[WhiteTeam "Italy"]
[BlackTeam "Armenia"]
[WhiteFideId "822590"]
[BlackFideId "13301314"]
[EventDate "2012.08.28"]

1. e4 e5 2. Nf3 Nc6 3. d4 exd4 4. Nxd4 Nf6 5. Nc3 Bb4 6. Nxc6 bxc6 7. Bd3 d5 8.
exd5 cxd5 9. O-O O-O 10. Bg5 c6 11. Na4 h6 12. Bh4 Re8 13. c4 Bd6 14. cxd5 cxd5
15. Rc1 Rb8 16. b3 Bf4 17. Rc2 Qd6 18. Bg3 Bg4 19. Qa1 d4 20. Rc4 Rbd8 21. Qc1
Bxg3 22. hxg3 Be2 23. Bxe2 Rxe2 24. Nc5 Ng4 25. Nd3 Rxa2 26. Rd1 Qg6 27. Nf4 Qb6
28. Nh3 Re2 29. Qb1 Ne5 30. Nf4 Nxc4 31. Nxe2 Na3 32. Qd3 Qb5 33. Qf3 d3 34. Nc3
Qxb3 35. Rxd3 Rxd3 36. Qxd3 Qb8 37. Qa6 Nb1 38. Nb5 Nd2 39. Nxa7 Qb1+ 40. Kh2
Nf1+ 41. Kh3 Qf5+ 42. g4 Qxf2 43. Qc8+ Kh7 44. Qf5+ Qxf5 45. gxf5 Ne3 46. g4 h5
47. gxh5 Nxf5 48. Nc6 Nh6 49. Ne7 Ng8 50. Nd5 Kh6 51. Kg4 f6 52. Kh4 Kh7 53. Kg3
Nh6 54. Ne7 Nf7 55. Kg4 Ng5 56. Kf5 Nf3 57. Nd5 Nd4+ 58. Ke4 Nc6 59. Kf5 Kh6 60.
Nxf6 Nd4+ 61. Ke5 Nf3+ 62. Kf4 gxf6 63. Kxf3 Kxh5 64. Kf4 Kg6 65. Ke4 1/2-1/2

[Event "40th Olympiad Women"]
[Site "Istanbul TUR"]
[Date "2012.09.04"]
[Round "7.14"]
[Board "4"]
[White "Kursova, Maria"]
[Black "De Rosa, Mariagrazia"]
[Result "1-0"]
[WhiteTitle "WGM"]
[BlackTitle "WFM"]
[WhiteElo "2338"]
[BlackElo "2087"]
[WhiteTeam "Armenia"]
[BlackTeam "Italy"]
[WhiteFideId "4129709"]
[BlackFideId "815136"]
[EventDate "2012.08.28"]

1. d4 d5 2. Nf3 Nf6 3. c4 dxc4 4. e3 Be6 5. Nc3 h6 6. Ne5 c5 7. Qf3 Qc7 8. d5
Nxd5 9. Nxf7 Bxf7 10. Nxd5 Qd7 11. Bxc4 e6 12. Nc3 Nc6 13. Qe4 O-O-O 14. O-O Bd6
15. Rd1 Qe7 16. Bd2 Ne5 17. Be2 Bg6 18. Qa4 a6 19. Ne4 Bc7 20. Bc3 Kb8 21. f4
Nd7 22. Bf3 Nb6 23. Qa3 Bxe4 24. Bxe4 Nd5 25. Qb3 Rd7 26. Rac1 c4 27. Qxc4 Nxe3
28. Rxd7 Qxd7 29. Qb4 Nd5 30. Rd1 Bxf4 31. Bxd5 Be3+ 32. Kh1 exd5 33. Be5+ Ka8
34. Qb3 d4 35. Qxe3 dxe3 36. Rxd7 e2 37. Bc3 Rf8 38. h4 Rf1+ 39. Kh2 e1=Q 40.
Bxe1 Rxe1 41. Rxg7 Re2 42. Rg6 Rxb2 43. Rxh6 Rxa2 44. h5 a5 45. Rg6 Rc2 46. h6
Rc5 47. Rg3 Rc7 48. Rh3 Rh7 49. g4 a4 50. g5 b5 51. g6 Rc7 52. h7 Rc2+ 53. Kg3
Rc3+ 54. Kg4 Rc4+ 55. Kf5 Rc5+ 56. Ke4 Rc4+ 1-0

[Event "40th Olympiad Women"]
[Site "Istanbul TUR"]
[Date "2012.09.04"]
[Round "7.15"]
[Board "3"]
[White "Heinatz, Gundula"]
[Black "Cemhan, Kardelen"]
[Result "1-0"]
[WhiteTitle "WIM"]
[BlackTitle "WCM"]
[WhiteElo "2197"]
[BlackElo "1938"]
[WhiteTeam "Switzerland"]
[BlackTeam "Turkey"]
[WhiteFideId "4612434"]
[BlackFideId "6325670"]
[EventDate "2012.08.28"]

1. Nf3 d5 2. d4 c5 3. c3 e6 4. Bg5 Be7 5. Bxe7 Qxe7 6. e3 Nf6 7. Bd3 O-O 8. O-O
Nc6 9. Ne5 Nxe5 10. dxe5 Nd7 11. f4 f6 12. Qh5 g6 13. Qh4 Qg7 14. exf6 Qxf6 15.
Qxf6 Rxf6 16. Nd2 e5 17. Bb5 exf4 18. exf4 a6 19. Bd3 Nb6 20. b3 Bf5 21. Bxf5
Rxf5 22. Rae1 Raf8 23. g3 Nc8 24. Nf3 Nd6 25. Re7 R8f7 26. Rfe1 Rxe7 27. Rxe7
Rf7 28. Re6 Ne4 29. c4 Nc3 30. cxd5 Nxd5 31. Ne5 Rc7 32. h4 Kg7 33. Rd6 Nc3 34.
a4 Ne4 35. Rd3 b5 36. axb5 axb5 37. Kg2 b4 38. g4 Nc3 39. Kf3 Nb5 40. Ke4 Nc3+
41. Kf3 Nb5 42. Ke4 Nc3+ 43. Ke3 Re7 44. Rd6 Nb5 45. Rc6 Nd4 46. Rxc5 Nxb3 47.
Rb5 Na1 48. Kd3 b3 49. Rb6 Ra7 50. g5 Nc2 51. Rxb3 Ne1+ 52. Kd2 Ng2 53. h5 Ra2+
54. Kc3 gxh5 55. f5 Ra8 56. Rb7+ Kg8 57. f6 Rd8 58. Rg7+ Kf8 59. Rxh7 1-0

[Event "40th Olympiad Women"]
[Site "Istanbul TUR"]
[Date "2012.09.04"]
[Round "7.16"]
[Board "1"]
[White "Peng, Zhaoqin"]
[Black "Cmilyte, Viktorija"]
[Result "0-1"]
[WhiteTitle "GM"]
[BlackTitle "GM"]
[WhiteElo "2411"]
[BlackElo "2520"]
[WhiteTeam "Netherlands"]
[BlackTeam "Lithuania"]
[WhiteFideId "1004786"]
[BlackFideId "12801259"]
[EventDate "2012.08.28"]

1. d4 Nf6 2. Nf3 g6 3. Nc3 d5 4. Bf4 Bg7 5. Qd2 Bf5 6. Ne5 O-O 7. f3 c5 8. g4
cxd4 9. Nb5 Bxg4 10. Nxd4 Bd7 11. Bh6 Nc6 12. Ndxc6 bxc6 13. O-O-O Rb8 14. b3
Qc7 15. Nxd7 Nxd7 16. h4 Qe5 17. Bxg7 Qxg7 18. c3 h5 19. Bh3 e6 20. Rhg1 a5 21.
Kc2 a4 22. Qd4 axb3+ 23. axb3 Qxd4 24. Rxd4 Ra8 25. Rb1 Rfb8 26. Bf1 c5 27. Rdd1
Ne5 28. Rb2 Kg7 29. Bg2 Ra3 30. e3 c4 31. b4 Nd3 32. Rxd3 cxd3+ 33. Kxd3 Rc8 34.
Rc2 f6 35. e4 Rc4 36. f4 Rxb4 37. exd5 exd5 38. Bxd5 Rxf4 39. Rh2 Rg4 40. Bf3
Rg3 41. Rf2 Ra4 0-1

[Event "40th Olympiad Women"]
[Site "Istanbul TUR"]
[Date "2012.09.04"]
[Round "7.16"]
[Board "2"]
[White "Daulyte, Deimante"]
[Black "Lanchava, Tea"]
[Result "1-0"]
[WhiteTitle "WGM"]
[BlackTitle "IM"]
[WhiteElo "2216"]
[BlackElo "2351"]
[WhiteTeam "Lithuania"]
[BlackTeam "Netherlands"]
[WhiteFideId "12802859"]
[BlackFideId "1005308"]
[EventDate "2012.08.28"]

1. e4 g6 2. d4 Bg7 3. Nc3 d6 4. f4 c5 5. Nf3 Na6 6. Bxa6 bxa6 7. dxc5 Bb7 8.
cxd6 exd6 9. Be3 Bxc3+ 10. bxc3 Bxe4 11. Qd4 Nf6 12. O-O O-O 13. f5 Qb6 14. Qd2
Qc7 15. Bd4 Ne8 16. f6 g5 17. Qxg5+ Kh8 18. Rae1 Rg8 19. Qh6 d5 20. Ng5 Rxg5 21.
Qxg5 Qd6 22. Qh6 Kg8 23. Rxe4 dxe4 24. Rf4 Rb8 25. Rxe4 Rb1+ 26. Kf2 Nxf6 27.
Qxf6 1-0

[Event "40th Olympiad Women"]
[Site "Istanbul TUR"]
[Date "2012.09.04"]
[Round "7.16"]
[Board "3"]
[White "Schut, Lisa"]
[Black "Kaspute, Vesta"]
[Result "1-0"]
[WhiteTitle "WIM"]
[BlackTitle "WFM"]
[WhiteElo "2305"]
[BlackElo "2118"]
[WhiteTeam "Netherlands"]
[BlackTeam "Lithuania"]
[WhiteFideId "1019481"]
[BlackFideId "12802310"]
[EventDate "2012.08.28"]

1. e4 c5 2. Nf3 d6 3. d4 cxd4 4. Nxd4 Nf6 5. Nc3 g6 6. Be3 Bg7 7. f3 O-O 8. Qd2
Nc6 9. Bc4 a5 10. O-O a4 11. b3 a3 12. Rad1 Qa5 13. Nxc6 bxc6 14. Na4 Qxd2 15.
Rxd2 Ba6 16. Bxa6 Rxa6 17. c4 Rb8 18. Rfd1 c5 19. e5 Ne8 20. exd6 exd6 21. Rd3
Ra7 22. Nc3 Bxc3 23. Rxc3 Re7 24. Kf2 f6 25. h4 Kg7 26. Rcd3 Re6 27. g4 h6 28.
Rd5 g5 29. f4 gxh4 30. Rh5 f5 31. gxf5 Rf6 32. Bd2 Kh7 33. Bc3 Rf7 34. Rxh4 Nf6
35. Kf3 Rd8 36. Be5 Ne8 37. Rxh6+ 1-0